| 000 | 00459nam a2200157 4500 | ||
|---|---|---|---|
| 001 | 46044 | ||
| 090 | _a46044 | ||
| 100 | _a20260423 pory50 | ||
| 101 | _apor | ||
| 102 | _aPT | ||
| 200 |
_aNotas de Arqueologia Alto Alentejana _dIn [revista] a Cidade de Évora _eCerâmica Luso-Romana do Museu Arqueológico de Vila Viçosa _fAbel Viana |
||
| 210 |
_aÉvora _cTulio Espanca _d1953 |
||
| 215 | _a1 v. | ||
| 675 | _a738(469) | ||
| 801 |
_aPT _gRPC |
||
| 990 | _cPERIODICOS | ||